000 01201nam2a2200253 4500
001 RU\NLR\bibl\909824
005 20250614182918.0
010 _a5-7174-0504-9
_9500
021 _aRU
_b2005-81085
_94007
035 _a(NLR Aleph) 000898176
090 _a1760823
_c1760823
100 _a20060222d2005 |||y0rusy50 ca
101 0 _arus
102 _aRU
105 _aa |||||||||
200 0 _aТ. 2
210 _d2005
_aБ. м.
215 _a464 с.
_cил.
461 0 _1001RU\NLR\bibl\936939
_12001#$aПедагогический процесс как культурная деятельность$vТ. 2
_9124600
_cСамара
_d2005
_fсост. и отв. ред. А.П. Шевченко, к.п.н., доц.]
_nИзд-во Самарского научного центра РАН
_oматериалы и тезисы докладов V-ой Международной научно-практической конференции, 4-7 октября 2005 года : [в 2 т.
_tПедагогический процесс как культурная деятельность
_vТ. 2
801 0 _aRU
_bNLR
_c20060222
_grcr
801 1 _aRU
_bNLR
_c20060222
942 _cBOOK
980 _aNB